| 000 | 00607nam a2200241Ia 4500 | ||
|---|---|---|---|
| 003 | OSt | ||
| 005 | 20221005132153.0 | ||
| 006 | a|||||r|||| 00| 0 | ||
| 007 | ta | ||
| 008 | 221004b |||||||| |||| 00| 0 tam d | ||
| 024 | _a45504 | ||
| 037 | _cTextual | ||
| 040 |
_aCRL _cCRL _btam |
||
| 041 |
_2tam _atam |
||
| 082 | _aI,13.21, 31P0 | ||
| 100 |
_aJagathesan M. _9640682 |
||
| 245 | 0 | _aThamizhnattu mulikaikal ariviyal aayvugal | |
| 260 | _c2002 | ||
| 300 |
_a211p. _ccm. |
||
| 650 | _aBOTANY | ||
| 942 |
_hI,13.21, 31P0 _cTEXL _2cc |
||
| 999 |
_c1062631 _d1062631 |
||